Adam Sandler Movies Quiz Stats

 Plays Quiz Updated Dec 31, 2020

     
Support Sporcle.
Go Orange.
Score 0/46 Timer 06:00
0 Plays Today
Year Movie Title % Correct
1996Happy Gilmore
87.3%
1995Billy Madison
80.8%
1999Big Daddy
75.5%
2018Hotel Transylvania 3: Summer Vacation
68.8%
2006Click
68.7%
1998The Waterboy
65.8%
2015Hotel Transylvania 2
63.4%
200450 First Dates
59.6%
2000Little Nicky
59.3%
2002Mr. Deeds
58.2%
2019Uncut Gems
57.5%
2013Grown Ups 2
56.5%
2020Hubie Halloween
53.1%
2012Hotel Transylvania
51.7%
1998The Wedding Singer
51%
2002Eight Crazy Nights
47.2%
2005The Longest Yard
42.8%
2008Bedtime Stories
41.8%
2004Spanglish
41.1%
2007I Now Pronounce You Chuck & Larry
39%
2014Blended
37.9%
2019Murder Mystery
37.7%
2008You Don't Mess with the Zohan
36.8%
Year Movie Title % Correct
2015Pixels
34.7%
2009Funny People
34.5%
2012That's My Boy
34.5%
2003Anger Management
33.7%
2014The Cobbler
29.1%
2002Punch-Drunk Love
28.7%
2010Grown Ups
28.4%
2015The Ridiculous 6
27.9%
2016The Do-Over
25.2%
2017The Meyerowitz Stories (New and Selected)
22.5%
2007Reign Over Me
20.7%
1994Airheads
20.3%
2017Sandy Wexler
20.2%
2018The Week Of
16.3%
1996Bulletproof
15.7%
2011Just Go With It
12.9%
1993Coneheads
11.9%
1989Going Overboard
11.5%
2011Jack and Jill
10.3%
2014Men, Women & Children
8.9%
1991Shakes the Clown
6.5%
1994Mixed Nuts
6.3%
2011The Zookeeper
5.1%

From the Vault

Anyone but Severus Snape

by ceciliacarlid

Severus Snape is pretty used to feeling excluded.
Remove Ads.
Support Sporcle.
Get the best of Sporcle when you Go Orange. This ad-free experience offers more features, more stats, and more fun while also helping to support Sporcle. Thank you for becoming a member.

Show Comments

Extras

Top Quizzes Today


Score Distribution

Your Account Isn't Verified!

In order to create a playlist on Sporcle, you need to verify the email address you used during registration. Go to your Sporcle Settings to finish the process.

Report this User

Report this user for behavior that violates our Community Guidelines.

Details: